Marketingový výskum a jeho využitie v praxi

Guardado en:
Detalles Bibliográficos
Autor principal: Sekerešová, Lucia
Formato: Software Libro
Lenguaje:eslovaco
Publicado: Bratislava STU FCHPT 2008
Acceso en línea:Ver en el OPAC
Etiquetas: Agregar Etiqueta
Sin Etiquetas, Sea el primero en etiquetar este registro!

MARC

LEADER 00000nam a2200000 a 4500
005 20260127134403.0
007 co ugu
008 080908 2008 xo 000 0 slo d
035 |a vtls009331048 
039 9 |y 200809080908  |z mschk03 
040 |a STUSCHK1  |b slo  |c STUSCHK1  |e AACR2 
100 1 |a Sekerešová, Lucia 
245 1 |a Marketingový výskum a jeho využitie v praxi 
260 |a Bratislava  |b STU FCHPT  |c 2008 
500 |a Obháj.: 11.6. 2008 
500 |a Zameranie: manažérstvo chemických a potravinárskych technológií 
500 |a Kombinácia študijných odborov: 5.2.52 priemyselné inžinierstvo, 5.2.18 chemické technológie 
500 |a diplomová práca na CD-ROMe 
910 |a SCHK95 
999 |c 11508  |d 11508